Nazismo, fascismo y folangismo en República Dominicana / Bernardo Vega (Registro nro. 10313)

Detalles MARC
000 -LEADER
fixed length control field 00470nam a22001691a 4500
001 - CONTROL NUMBER
control field 10313
003 - CONTROL NUMBER IDENTIFIER
control field OSt
005 - DATE AND TIME OF LATEST TRANSACTION
control field 20260204212154.0
008 - FIXED-LENGTH DATA ELEMENTS--GENERAL INFORMATION
fixed length control field 081027s1985||||dr ||||||b||||||||||spa||
050 ## - LIBRARY OF CONGRESS CALL NUMBER
Classification number RD 335.47293 V522n
100 ## - ASIENTO PRINCIPAL -- NOMBRE PERSONAL
Personal name Vega, Bernardo
245 ## - TÍTULO PROPIAMENTE DICHO: SUBTÍTULO
Title Nazismo, fascismo y folangismo en República Dominicana / Bernardo Vega
264 ## - PRODUCTION, PUBLICATION, DISTRIBUTION, MANUFACTURE, AND COPYRIGHT NOTICE
Place of production, publication, distribution, manufacture Santo Domingo : Amigo del Hogar
300 ## - PHYSICAL DESCRIPTION
Extensión 415 p
650 ## - ASIENTO SECUNDARIO DE MATERIA -- TERMINO TEMÁTICO
Termino Temático Como Elemento de Entrada Narzismo - República DominicanaÌ
942 ## - ADDED ENTRY ELEMENTS (KOHA)
Source of classification or shelving scheme Dewey Decimal Classification
Koha item type Libros
Existencias
Withdrawn status Lost status Source of classification or shelving scheme Damaged status Not for loan Current library Date acquired Total Checkouts Full call number Barcode Date last seen Price effective from Koha item type
    Dewey Decimal Classification     Biblioteca UTECO 09/09/2019   RD 335.47293 V522N 014542 09/09/2019 09/09/2019 Libros
© 2021 Derechos Reservados UTECO - Teléfono: +1 809-585-2291 - Correo electrónico: biblioteca@uteco.edu.do​  
Código postal 43000 ​​
Dirección: Avenida Universitaria No. 100, 
Cotuí, Provincia Sánchez Ramírez, República Dominicana - RNC: 404-00059-6